00303nam a2200133Ia 45000030006000000080041000060400015000471000020000622450039000822500010001212600009001315460012001400050017001520STCL150530s9999 xx 000 0 und d aSTCLcSTCL aLenihan, J.M.A. aAtomic energy and its applications aFirst c1957 aEnglish20220125170222.0